An introduction to African politics (Record no. 253666)

MARC details
000 -LEADER
fixed length control field 00273nam a2200097Ia 4500
082 ## - DEWEY DECIMAL CLASSIFICATION NUMBER
Classification number 320.96 THOM
008 - FIXED-LENGTH DATA ELEMENTS--GENERAL INFORMATION
fixed length control field 210817s9999 xx 000 0 und d
100 ## - MAIN ENTRY--PERSONAL NAME
Personal name Thomson, Alex London, 2004 2nd ed
9 (RLIN) 76336
245 #0 - TITLE STATEMENT
Title An introduction to African politics
942 ## - ADDED ENTRY ELEMENTS
item type Books
Holdings
Withdrawn status Lost status Damaged status Not for loan Home library Current library Date acquired Cost, normal purchase price Total Checkouts Barcode Date last seen Price effective from item type
        Secunda Secunda 18.08.2021 246.00   33228022340721 18.08.2021 18.08.2021 Books